000
00272nam a22001217a 4500
008
181204b xxu||||| |||| 00| 0 eng d
041
_a
eng
080
_a
510
100
_a
36
101
_a
MAT
245
_a
Foundations of General Topology
_c
Pervin, W.J
942
_2
udc
_c
BK
999
_c
52826
_d
52826